Historias de aquí y de allá en la acogida con libros para niños y padres de la asociación Le Baobab (notice n° 2209159)
[ vue normale ]
| 000 -LEADER | |
|---|---|
| fixed length control field | 01440cam a2200169 4500500 |
| 005 - DATE AND TIME OF LATEST TRANSACTION | |
| control field | 20260412000109.0 |
| 041 ## - LANGUAGE CODE | |
| Language code of text/sound track or separate title | fre |
| 042 ## - AUTHENTICATION CODE | |
| Authentication code | dc |
| 100 10 - MAIN ENTRY--PERSONAL NAME | |
| Personal name | Drouin, Évelyne |
| Relator term | author |
| 245 00 - TITLE STATEMENT | |
| Title | Historias de aquí y de allá en la acogida con libros para niños y padres de la asociación Le Baobab |
| 260 ## - PUBLICATION, DISTRIBUTION, ETC. | |
| Date of publication, distribution, etc. | 2020.<br/> |
| 500 ## - GENERAL NOTE | |
| General note | 73 |
| 520 ## - SUMMARY, ETC. | |
| Summary, etc. | En un barrio multicultural, la asociación Le Baobab ofrece un espacio de acogida con libros para niños y padres. Las familias descubren allí, libremente, el placer de los libros y los cuentos, en un ambiente lúdico y amistoso. A través de varias viñetas clínicas, las autoras muestran cómo las rimas infantiles y las historias tienden puentes entre las lenguas y promueven el encuentro cultural en lugar de la exclusión. Libres de mandatos, los padres pueden hacerse preguntas sobre la transmisión de su lengua y apoyarse mutuamente. En esta inmersión social y lingüística, se encuentran las historias individuales y colectivas. Haciéndose eco de las historias de los personajes encontrados en los libros, las historias del exilio toman forma, las filiaciones se inscriben y, compartiendo lecturas bilingües, se crean nuevas historias. |
| 700 10 - ADDED ENTRY--PERSONAL NAME | |
| Personal name | Hamadache, Chrystelle |
| Relator term | author |
| 786 0# - DATA SOURCE ENTRY | |
| Note | Enfances & Psy | 86 | 2 | 2020-09-24 | p. 125-135 | 1286-5559 |
| 856 41 - ELECTRONIC LOCATION AND ACCESS | |
| Uniform Resource Identifier | <a href="https://shs.cairn.info/revista-enfances-et-psy-2020-2-page-125?lang=es&redirect-ssocas=7080">https://shs.cairn.info/revista-enfances-et-psy-2020-2-page-125?lang=es&redirect-ssocas=7080</a> |
Pas d'exemplaire disponible.




Réseaux sociaux